|
|
|
|
| LEADER |
01703nam a2200445 i 4500 |
| 001 |
EBC1543089 |
| 003 |
MiAaPQ |
| 005 |
20200520144314.0 |
| 006 |
m o d | |
| 007 |
cr cnu|||||||| |
| 008 |
131127r20031965enk ob 001 0 eng|d |
| 020 |
|
|
|z 9780415607186 (pbk)
|
| 020 |
|
|
|z 9781136507809
|
| 020 |
|
|
|z 9780415313261
|
| 020 |
|
|
|a 9781315016481
|q (electronic bk.)
|
| 035 |
|
|
|a (MiAaPQ)EBC1543089
|
| 035 |
|
|
|a (Au-PeEL)EBL1543089
|
| 035 |
|
|
|a (CaPaEBR)ebr10800358
|
| 035 |
|
|
|a (CaONFJC)MIL762105
|
| 035 |
|
|
|a (OCoLC)865330827
|
| 040 |
|
|
|a MiAaPQ
|b eng
|e rda
|e pn
|c MiAaPQ
|d MiAaPQ
|
| 050 |
|
4 |
|a HB203
|b .C66 2003
|
| 100 |
1 |
|
|a Coontz, Sidney H.
|q (Sidney Harry)
|
| 245 |
1 |
0 |
|a Productive labour and effective demand :
|b including a critique of Keynesian economics /
|c Sydney H. Coontz.
|
| 264 |
|
1 |
|a London :
|b Routledge,
|c 2003.
|
| 264 |
|
4 |
|c 1965
|
| 300 |
|
|
|a 1 online resource (189 pages).
|
| 336 |
|
|
|a text
|2 rdacontent
|
| 337 |
|
|
|a computer
|2 rdamedia
|
| 338 |
|
|
|a online resource
|2 rdacarrier
|
| 440 |
|
0 |
|a Routledge library editions.
|p Economics
|
| 490 |
0 |
|
|a History of economic thought ;
|v VI
|
| 500 |
|
|
|a First published in 1965.
|
| 504 |
|
|
|a Includes bibliographical references and index.
|
| 588 |
|
|
|a Description based on online resource; title from PDF title page (ebrary, viewed November 28, 2013).
|
| 590 |
|
|
|a Electronic reproduction. Ann Arbor, MI : ProQuest, 2015. Available via World Wide Web. Access may be limited to ProQuest affiliated libraries.
|
| 650 |
|
0 |
|a Supply and demand.
|
| 655 |
|
4 |
|a Electronic books.
|
| 797 |
2 |
|
|a ProQuest (Firm)
|
| 856 |
4 |
0 |
|u https://ebookcentral.proquest.com/lib/matrademy/detail.action?docID=1543089
|z Click to View
|